| 000 | 00455nam a2200181Ia 4500 | ||
|---|---|---|---|
| 005 | 20250603145143.0 | ||
| 008 | 250603s9999 xx 000 0 und d | ||
| 020 | _a9789352695737 | ||
| 050 | _aHV 6441 .S56/ | ||
| 100 | _aSingh, Shyam Prakash | ||
| 245 | 0 | _aInternational security, military power and terrorism | |
| 260 | _aNew Delhi | ||
| 260 | _bRamdom Publications | ||
| 260 | _c2020 | ||
| 300 | _a306 p | ||
| 650 | _aNew Delhi | ||
| 942 | _cBK | ||
| 999 |
_c41035 _d41035 |
||